FIFA 22 Eredivisie TOTS - Statistics

General Stats
  • This quiz has been taken 90 times
    89 since last reset
  • The average score is 9 of 14
Answer Stats
Club Position Rating Answer % Correct
Ajax RW 91 Antony
79%
Ajax CB 90 Jurrien Timber
77%
Ajax CM 95 Ryan Gravenberch
73%
Ajax ST 91 Sebastien Haller
73%
PSV LM 90 Cody Gakpo
70%
PSV CDM 92 Ibrahim Sangare
66%
Feyenoord LW 89 Luis Sinisterra
66%
Twente GK 87 Lars Unnerstall
64%
Feyenoord CM 91 Orkun Kokcu
63%
AZ LB 88 Owen Wijndal
61%
Ajax RB 88 Noussair Mazraoui
59%
PSV CB 88 Olivier Boscagli
56%
PSV LB 89 Mauro Junior
34%
Twente CDM 74 Michal Sadilek
33%
No matching quizzes found
Score Distribution
Percent of People with Each Score
Percentile by Number Answered
Your Score History
You have not taken this quiz since the last reset